Diderot's writings on the theatre /

محفوظ في:
التفاصيل البيبلوغرافية
المؤلف الرئيسي: Diderot, Denis, 1713-1784
مؤلفون آخرون: Green, Frederick Charles, 1891-1964
التنسيق: كتاب
اللغة:English
منشور في: Cambridge [Eng.] : Cambridge University Press, 1936.
الموضوعات:
LEADER 01253nam a2200289 a 4500
001 c000175151
003 CARM
005 20030903205452.0
008 850718s1936 enk 000 0 eng
010 |a 37007499 
019 1 |a 24907387  |z 13054900  |5 LACONCORD2021 
035 |a (OCoLC)2706280  |5 LACONCORD2021 
040 |a VU  |b eng  |c IaU  |d IaU  |d VU 
050 0 4 |a PQ1979.A6  |b G7 
100 1 |a Diderot, Denis,  |d 1713-1784. 
240 1 0 |a Selections.  |f 1978. 
245 1 0 |a Diderot's writings on the theatre /  |c edited by F. C. Green. 
260 |a Cambridge [Eng.] :  |b Cambridge University Press,  |c 1936. 
300 |a 317 p. ;  |c 20 cm. 
505 0 |a Editor's introduction -- Entretiens sur Le fils naturel -- De la poésie dramatique -- Extract from Les bijoux indiscrets -- Observations sur Garrick, ou Les acteurs anglais -- Extracts from letters to Mlle. Jodin -- Paradoxe sur le comédien. 
650 0 |a Theater. 
700 1 |a Green, Frederick Charles,  |d 1891-1964. 
740 0 |a Writings on the theatre. 
852 8 |b CARM  |h A2:AI35H0  |i A02929  |p 0239873  |f BK 
082 0 4 |a 792 
999 f f |i 004a5184-d14d-541d-bc49-1e6fadff518c  |s 680a8f31-6f25-540f-823d-c8416a87018b 
952 f f |p Can circulate  |a CAVAL  |b CAVAL  |c CAVAL  |d CARM 1 Store  |e A02929  |f A2:AI35H0  |h Other scheme  |i book  |m 0239873